000 00469nam a22001697a 4500
005 20231204063529.0
008 231204b |||||||| |||| 00| 0 eng d
020 _a9780409118056
041 _aEnglish
082 _a349 JOU
100 _aJoubert, WA
_lEnglish
245 _aThe Law of South Africa
260 _aDurban :
_bLexisNexis Butterworths,
_c2014
300 _c26 cm.
650 _aLegal practice
_bLaw
942 _cBK
_6ALISON_BN_VRIES
999 _c1099
_d1099